| 000 | 00598nam a2200193Ia 4500 | ||
|---|---|---|---|
| 003 | GCL | ||
| 008 | 140319s9999 xx 000 0 ara d | ||
| 020 | _a5923235977 | ||
| 040 |
_aGCL / _cGCL |
||
| 082 | 0 | 4 |
_aط _b813.02 _bف ق |
| 100 | 1 | _aفاطمة المعدول | |
| 245 | 1 | 0 |
_aقطعة من السماء / _cفاطمة المعدول |
| 700 | 1 | _aصلاح بيصار | |
| 260 |
_aالقاهرة : _bالهيئة العامة لقصور الثقافة ، _c1997 |
||
| 300 |
_a64 ص ؛ _c18 سم |
||
| 650 | 0 | 4 | _aالقصص القصيرة |
| 650 | 0 | 4 | _aقصص الاطفال |
| 942 |
_2ddc _cBK |
||
| 999 |
_c9424 _d9424 |
||